| 000 | 00000nam 2200000za 4500 |
| 001 | 9.640819 |
| 003 | CaOODSP |
| 005 | 20250403105347 |
| 007 | cr ||||||||||| |
| 008 | 150407|2013||||xxc|||||o f|0| 0 fre d |
| 020 | |a978-1-100-99826-8 |
| 040 | |aCaOODSP|bfre |
| 043 | |an-cn--- |
| 086 | 1 |aCS92-179/2011F-PDF |
| 245 | 00|aFichier des limites des régions de tri d'acheminement, guide de référence : |h[ressource électronique]|bRecensement de 2011 |
| 260 | |aOttawa - Ontario : |bStatistique Canada |cc2013. |
| 300 | |a34p.|bfigures (certaines en couleur), tableaux |
| 590 | |a13-06|b2013-02-08 |
| 710 | 2 |aStatistique Canada. |
| 775 | 08|tForward sortation area boundary file, reference guide : |w(CaOODSP)9.696713 |
| 794 | |tFichier des limites des régions de tri d’acheminement du recensement, guide de référence |w(CaOODSP)9.813941 |
| 856 | 40|ahttp://publications.gc.ca|qPDF|s1.06 Mo|uhttps://publications.gc.ca/collections/collection_2013/statcan/92-179-g/92-179-g2011001-fra.pdf |